000
00298nam a22001457a 4500
020
_a
03232154589654
041
_a
ENG
100
_a
Mistry
245
_a
Conceots of Physics
250
_a
First ed
260
_a
Mumbai
_b
Uttam Prakashn
_c
1999
300
_a
287
650
_a
GAE
856
_u
GAE
999
_c
254
_d
254